| 000 | 00485nam a2200121Ia 4500 | ||
|---|---|---|---|
| 008 | 171212s9999 xx 000 0 und d | ||
| 020 | _a9780833068606 | ||
| 100 | _aHenry, Ryan;Osowski, Christine;Chalk, Peter;Bartis, James T. | ||
| 245 |
_cHenry, Ryan;Osowski, Christine;Chalk, Peter;Bartis, James T. _aPromoting International Energy Security _bVolume 3, Sea-Lanes to Asia |
||
| 260 |
_bRAND Corporation _c2012 |
||
| 650 | _aBusiness | ||
| 856 | _uwww.jstor.org/stable/10.7249/j.ctt3fh0k9 | ||
| 999 |
_c352439 _d352439 |
||